Statistics for Biggest Cities in Canada Quiz

Click here to take the quiz!

General Stats

  • This quiz has been taken 53,474 times
    (53,458 since last reset)
  • The average score is 11 of 24

Answer Stats

Population City % Correct
2,731,579Toronto
98%
631,486Vancouver
94%
1,704,694Montréal
92%
934,243Ottawa
89%
531,902Quebec City
81%
1,239,220Calgary
79%
932,546Edmonton
76%
705,224Winnipeg
68%
403,131Halifax
55%
215,106Regina
49%
233,222Saskatoon
47%
383,822London
38%
536,917Hamilton
37%
217,188Windsor
31%
721,599Mississauga
29%
232,755Kitchener
16%
593,638Brampton
15%
517,887Surrey
14%
422,993Laval
14%
276,245Gatineau
12%
239,700Burnaby
10%
328,966Markham
10%
306,233Vaughan
9%
246,376Longueuil
7%

Score Distribution

Percentile by Number Answered

Percent of People with Each Score

Your Score History

You have not taken this quiz since the last reset